000 00663cam a22002413a 4500
001 14515
003 PGUSA
005 20140828083318.0
008 041229s2004||||xxu|||||s|||||000 | eng d
040 _aPGUSA
_beng
042 _adc
050 4 _aRJ
100 1 _aCameron, Hector Charles,
_d1878-1958
245 1 4 _aThe Nervous Child
_h[electronic resource] /
_cHector Charles Cameron
260 _bProject Gutenberg,
_c2004
506 _aPublic domain in the USA.
516 _aElectronic text
653 _aInfants -- Care
653 _aChild care
830 0 _aProject Gutenberg
_v14515
856 4 0 _uhttp://www.gutenberg.org/ebooks/14515
942 _cEB
999 _c243770
_d243770